[Event "Porto Alegre Trois Cup"]
[Site "Porto Alegre"]
[Date "2022.08.20"]
[Round "2"]
[White "De Mello, Joao Luiz"]
[Black "Boabaid, Jorge Alberto Duard"]
[Result "0-1"]
[WhiteElo "1594"]
[BlackElo "1775"]
[PlyCount "74"]
[EventDate "2022.08.19"]
[EventType "swiss"]
[EventRounds "5"]
[EventCountry "BRA"]
[SourceTitle "CBM 210 Extra"]
[Source "ChessBase"]
[SourceDate "2022.11.30"]
[SourceVersion "1"]
[SourceVersionDate "2022.11.30"]
[SourceQuality "1"]

1. c4 e5 2. Nc3 b6 3. g3 Bb7 4. e4 Nf6 5. Bg2 d6 6. Nge2 Be7 7. d3 0-0 8. Rb1 Nbd7 9. 0-0 c6 10. b4 a6 11. a4 Qc7 12. Be3 c5 13. b5 a5 14. Bg5 h6 15. Bxf6 Nxf6 16. h3 Rae8 17. f4 exf4 18. Nxf4 Bd8 19. Ncd5 Nxd5 20. Nxd5 Qd7 21. Kh2 f5 22. Qc2 Bxd5 23. exd5 Bf6 24. Rbe1 Be5 25. Bf3 Qf7 26. Kg2 Qg6 27. g4 fxg4 28. hxg4 h5 29. Qd1 Rf4 30. Re4 Ref8 31. Rxf4 Rxf4 32. Rh1 hxg4 33. Be4 Rxe4 34. dxe4 Qxe4+ 35. Kg1 Bd4+ 36. Kh2 Qf4+ 37. Kg2 Qf2# 0-1

[Event "Porto Alegre Metropole op 1st"]
[Site "Porto Alegre"]
[Date "2019.05.04"]
[Round "3"]
[White "De Mello, Joao Luiz"]
[Black "Dummer, Micael Schwenske"]
[Result "1/2-1/2"]
[WhiteElo "1596"]
[BlackElo "1646"]
[PlyCount "61"]
[EventDate "2019.05.03"]
[EventType "swiss"]
[EventRounds "5"]
[EventCountry "BRA"]
[SourceTitle "CBM 190 Extra"]
[Source "ChessBase"]
[SourceDate "2019.07.15"]
[SourceVersion "1"]
[SourceVersionDate "2019.07.15"]
[SourceQuality "1"]

1. d4 e5 2. dxe5 Nc6 3. Nf3 Qe7 4. Nc3 Nxe5 5. Nxe5 Qxe5 6. Nd5 c6 7. Nc3 d5 8. g3 Nf6 9. Bf4 Qe6 10. Bg2 Bd6 11. Bxd6 Qxd6 12. 0-0 Be6 13. a3 0-0 14. Re1 Rad8 15. e3 Bf5 16. Ne2 Rfe8 17. b4 b6 18. c3 Qe6 19. Nd4 Qc8 20. Nxf5 Qxf5 21. Ra2 Ne4 22. Qc2 Nd6 23. Qxf5 Nxf5 24. Rae2 Nd6 25. a4 a6 26. e4 dxe4 27. Bxe4 Nxe4 28. Rxe4 Kf8 29. Kg2 Rxe4 30. Rxe4 Re8 31. Rc4 1/2-1/2

[Event "Porto Alegre Metropole-ch"]
[Site "Porto Alegre"]
[Date "2018.12.02"]
[Round "4"]
[White "De Picoli, Vilmade"]
[Black "De Mello, Joao Luiz"]
[Result "0-1"]
[WhiteElo "1672"]
[BlackElo "1614"]
[PlyCount "84"]
[EventDate "2018.11.30"]
[EventType "swiss"]
[EventRounds "5"]
[EventCountry "BRA"]
[SourceTitle "CBM 187 Extra"]
[Source "ChessBase"]
[SourceDate "2018.11.04"]
[SourceVersion "1"]
[SourceVersionDate "2018.11.04"]
[SourceQuality "1"]

1. e4 c5 2. c4 Nc6 3. Nf3 d6 4. Be2 Nf6 5. d3 g6 6. 0-0 Bg7 7. h3 0-0 8. Re1 Qc7 9. Bf4 Nh5 10. Bh2 Bxb2 11. Nbd2 Bxa1 12. Qxa1 e5 13. a3 a6 14. Kh1 b6 15. Ng1 Ng7 16. Ndf3 Ne6 17. g3 Ned4 18. Nxd4 Nxd4 19. Qa2 Be6 20. Bf1 b5 21. Qd2 Rfb8 22. Qh6 b4 23. a4 b3 24. Rb1 Rb4 25. h4 Bg4 26. Bh3 Bf3+ 27. Nxf3 Nxf3 28. h5 Qe7 29. hxg6 fxg6 30. Bg4 Qg5 31. Qh3 Qf6 32. Be6+ Kg7 33. Bg4 Rf8 34. Qg2 Nxh2 35. Kxh2 Qxf2 36. Qxf2 Rxf2+ 37. Kh3 b2 38. a5 Rc2 39. Bf3 Rc1 40. Rxc1 bxc1Q 41. g4 Rb2 42. Bg2 Qg1 0-1

[Event "Porto Alegre Metropole op"]
[Site "Porto Alegre"]
[Date "2018.05.05"]
[Round "2"]
[White "De Mello, Joao Luiz"]
[Black "Fabris, Mario Henrique"]
[Result "0-1"]
[WhiteElo "1620"]
[BlackElo "1923"]
[PlyCount "42"]
[EventDate "2018.05.04"]
[EventType "swiss"]
[EventRounds "5"]
[EventCountry "BRA"]
[SourceTitle "CBM 184 Extra"]
[Source "ChessBase"]
[SourceDate "2018.06.28"]
[SourceVersion "1"]
[SourceVersionDate "2018.06.28"]
[SourceQuality "1"]

1. d4 e6 2. e4 d5 3. e5 c5 4. c3 Nc6 5. Nf3 Bd7 6. Bd3 cxd4 7. cxd4 Qb6 8. Bc2 Nb4 9. 0-0 Nxc2 10. Qxc2 Rc8 11. Nc3 Ne7 12. Qd1 Nf5 13. g4 Ne7 14. h4 h5 15. Ng5 hxg4 16. Qxg4 Nf5 17. h5 Qxd4 18. Qg2 Qxe5 19. Nxf7 Kxf7 20. Qg6+ Kg8 21. f4 Qf6 0-1

[Event "Porto Alegre Gaucho op"]
[Site "Porto Alegre"]
[Date "2015.10.31"]
[Round "1"]
[White "Menna Barreto, Felipe Kubiaki"]
[Black "De Mello, Joao Luiz"]
[Result "1-0"]
[WhiteElo "2275"]
[BlackElo "1687"]
[PlyCount "44"]
[EventDate "2015.10.31"]
[EventType "swiss"]
[EventRounds "6"]
[EventCountry "BRA"]
[SourceTitle "CBM 169 Extra"]
[Source "ChessBase"]
[SourceDate "2015.12.18"]
[SourceVersion "1"]
[SourceVersionDate "2015.12.18"]
[SourceQuality "1"]

1. d4 Nf6 2. c4 d5 3. cxd5 Nxd5 4. e4 Nf6 5. Nc3 e6 6. Nf3 h6 7. Bd3 c6 8. 0-0 Be7 9. Re1 0-0 10. Bc2 Nbd7 11. Qd3 Ne8 12. e5 f5 13. exf6 Ndxf6 14. Qg6 Kh8 15. Bxh6 gxh6 16. Qxh6+ Kg8 17. Ng5 Rf7 18. Nxf7 Kxf7 19. Re3 Ng7 20. Bg6+ Kg8 21. Rh3 Kf8 22. Qh8+ Ng8 1-0